| 000 | 00481nam a2200205Ia 4500 | ||
|---|---|---|---|
| 008 | 170918s9999 xx 000 0 und d | ||
| 020 | _a9780439682510 | ||
| 050 | _bT969 2004 | ||
| 100 | _aTwain, Mark | ||
| 245 | _aTom Sawyer / | ||
| 245 | _cMark Twain and Michael Leviton. | ||
| 260 | _aNew York : | ||
| 260 | _bScholastic, | ||
| 260 | _c2004 | ||
| 300 | _a30 pages : | ||
| 300 | _bcolored illustration ; | ||
| 300 | _c19cm. | ||
| 440 | _aRead 180. | ||
| 500 | _a510 | ||
| 999 |
_c342535 _d342535 |
||